000 00642nam a22001697a 4500
003 MACL
005 20160403123532.0
008 160403b xxu||||| |||| 00| 0 eng d
040 _cMACL
041 _aHindi
082 _a400
100 _aरैणा शिबन कृष्‍ण
_950198
245 _aभारतीय भाषाआें से हिन्‍दी में अनुवाद की समस्‍याऍ एक तुलनात्‍मक अध्‍ययन
260 _aशिमला
_bराष्‍ट्रपति निवास
_c2006
650 _aLanguage
_950199
942 _2ddc
_cHIN
999 _c53694
_d53694